Normal view
MARC view
- SHUANG LIU, ADA
Entry Personal Name
001 - CONTROL NUMBER
- control field: 35125
003 - CONTROL NUMBER IDENTIFIER
- control field: OSt
005 - DATE AND TIME OF LATEST TRANSACTION
- control field: 20260604101805.0
008 - FIXED-LENGTH DATA ELEMENTS
- fixed length control field: 260604|| aca||aabn | a|a d
040 ## - CATALOGING SOURCE
- Original cataloging agency: OSt
- Transcribing agency: OSt
100 ## - HEADING--PERSONAL NAME
- Personal name: SHUANG LIU, ADA
670 ## - SOURCE DATA FOUND
- Source citation: Work cat.: (OSt)7884: SHUANG LIU, ADA, SAGE HANDBOOK OF INTERCULTURAL COMMUNICATION